Pltníctvo na Slovensku - pevná súčasť cestovného ruchu bakalárska práca

Guardado en:
Detalles Bibliográficos
Autor principal: Letková, Petra
Autor Corporativo: Obchodná fakulta EU. Katedra služieb a cestovného ruchu - zrušené
Otros Autores: Litomerický, Juraj
Formato: Libro
Lenguaje:eslovaco
Publicado: Bratislava 2016
Etiquetas: Agregar Etiqueta
Sin Etiquetas, Sea el primero en etiquetar este registro!

MARC

LEADER 00000nbm a2200000 4500
001 0221556
005 20170209155252.4
041 0 |a slo 
044 |a SK 
245 1 0 |a Pltníctvo na Slovensku - pevná súčasť cestovného ruchu  |b bakalárska práca  |c Petra Letková ; školiteľ: Juraj Litomerický 
264 1 |a Bratislava  |c 2016 
300 |a 52 s. 
100 1 |a Letková, Petra 
700 1 |a Litomerický, Juraj 
710 2 |a Obchodná fakulta EU. Katedra služieb a cestovného ruchu - zrušené